000 00663nam a2200193 i 4500
001 31246
003 ES-MaACL
005 20230906154338.0
007 t|
008 030128s1973 sp |||| | spa d
100 1 _aBenavente Barreda, José María.
_927446
245 1 0 _aHartmann y el problema del conocimiento
_b: una introducción a la gnoseología /
_cJosé Mª Benavente Barreda.
260 _aMadrid :
_bInstituto de Filosofía "Luis Vives",
_c1973.
300 _aXV, 203 p. ;
_c22 cm.
600 1 4 _aHartmann, Nicolai.
_961993
650 4 _aEpistemología.
_912338
710 2 _aInstituto de Filosofía "Luis Vives"
_9169712
852 _aES-MaACL
_jC-55965
999 _c31246
_d31246